000
00217nam a22000857a 4500
008
170526b xxu||||| |||| 00| 0 eng d
100
_9
3120
_a
Walter.C.S.
245
_a
Rose-Ashes and other Poems
260
_a
Watsonville
_c
2002
999
_c
6408
_d
6408